| 000 | 00594nam a2200181Ia 4500 | ||
|---|---|---|---|
| 003 | GCL | ||
| 008 | 140319s9999 xx 000 0 ara d | ||
| 040 |
_aGCL / _cGCL |
||
| 082 | 0 | 4 |
_aم _b922.1 _bا ت |
| 100 | 1 | _aانور الجندى | |
| 245 | 1 | 0 |
_aتراجم الاعلام المعاصرين فى العالم الاسلامى / _cانور الجندى |
| 260 |
_a[S.N] : _bمكتبة الانجلوالمصرية ، _c1970 |
||
| 300 | _a491 ص | ||
| 490 |
_aشكاوى المصرى الفصيح _v0 |
||
| 650 | 0 | 4 | _aالاسلام |
| 650 | 0 | 4 | _aاعلام العرب |
| 942 |
_2ddc _cREF |
||
| 999 |
_c59388 _d59388 |
||